Tidak Mementingkan Diri Sendiri

Bibliographic Details
Main Author: Saloma Mat Lajis
Format: Book
Published: Johor : PMBT Enterprise , 2008
Series:Siri Jati Diri

MARC

LEADER 00000cam a2200000 7i4500
001 0000046653
005 20241218122152.0
008 150404
020 |a 9789833760480 
020 |a 9789833760497 (set) 
090 0 0 |a MOR   |b MAL 
100 0 |a Saloma Mat Lajis 
245 1 0 |a Tidak Mementingkan Diri Sendiri   |c Saloma Mat lajis 
260 |a Johor :   |b PMBT Enterprise ,   |c 2008 
490 1 |a Siri Jati Diri 
999 |a 0001088725   |b Book   |c Children Collection   |e Cawangan Segamat 
999 |a 0001088733   |b Book   |c Children Collection   |e Cawangan Segamat 
999 |a 0001088749   |b Book   |c Children Collection   |e Cawangan Taman Sri Lambak 
999 |a 0001088757   |b Book   |c Children Collection   |e Cawangan Bukit Gambir 
999 |a 0001092775   |b Book   |c Children Collection   |e Cawangan Tangkak 
999 |a 0001092783   |b Book   |c Children Collection   |e Cawangan Taman Universiti 
999 |a 0001092799   |b Book   |c Children Collection   |e Cawangan Mersing 
999 |a 0001092807   |b Book   |c Children Collection   |e Cawangan Pontian 
999 |a 0001092815   |b Book   |c Children Collection   |e Cawangan Kota Tinggi 
999 |a 0001092823   |b Book   |c Children Collection   |e Cawangan Taman Sri Lambak 
999 |a 0001092839   |b Book   |c Children Collection   |e Cawangan Segamat 
999 |a 0001092847   |b Book   |c Children Collection   |e Cawangan Bukit Gambir 
999 |a 0001092871   |b Book   |c Children Collection   |e Cawangan Taman Universiti 
999 |a 0001092879   |b Book   |c Children Collection   |e Cawangan Tmn. Ungku Tun Aminah 
999 |a 0001092903   |b Book   |c Children Collection   |e Cawangan Mersing 
999 |a 0001092911   |b Book   |c Children Collection   |e Cawangan Pontian 
999 |a 0001092935   |b Book   |c Children Collection   |e Cawangan Bandar Penawar 
999 |a 0001092951   |b Book   |c Children Collection   |e Cawangan Bukit Gambir 
999 |a 0001093007   |b Book   |c Children Collection   |e Cawangan Pontian 
999 |a 0001093023   |b Book   |c Children Collection   |e Cawangan Segamat 
999 |a 0001093039   |b Book   |c Children Collection   |e Cawangan Segamat 
999 |a 0001093063   |b Book   |c Children Collection   |e Cawangan Tangkak 
999 |a 0001093071   |b Book   |c Children Collection   |e Cawangan Bukit Gambir 
999 |a 0001093079   |b Book   |c Children Collection   |e Cawangan Taman Universiti 
999 |a 0001093111   |b Book   |c Children Collection   |e Cawangan Pontian 
999 |a 0001093119   |b Book   |c Children Collection   |e Cawangan Mersing 
999 |a 0001515929   |b Book   |c Children Collection   |e Cawangan Tangkak 
999 |a 0001515930   |b Book   |c Children Collection   |e Cawangan Tangkak 
999 |a 0001717991   |b Book   |c Children Collection   |e Cawangan Bandar Penawar 
999 |a 0001786607   |b Book   |c Children Collection   |e Cawangan Bandar Penawar